[Event "Schachfestival Basel 2014"]
[Site "Basel"]
[Date "2014.01.01"]
[Round "1.4"]
[White "Grachev, Boris"]
[Black "Budisin, Stanislav"]
[Result "1-0"]
[WhiteElo "2668"]
[BlackElo "2149"]
[PlyCount "79"]
[EventDate "2014.??.??"]
[EventRounds "7"]
[EventCountry "SUI"]
[SourceDate "2014.01.01"]

1. d4 Nf6 2. c4 c5 3. d5 b5 4. Nd2 Qa5 5. Qc2 bxc4 6. e4 Ba6 7. Bxc4 Bxc4 8.
Qxc4 d6 9. b3 Na6 10. Bb2 Nc7 11. Ngf3 g6 12. O-O Bg7 13. Qc2 O-O 14. Nc4 Qa6
15. Rfe1 Rab8 16. h3 Na8 17. Bc3 Nb6 18. Na5 Rbc8 19. Rad1 Rfd8 20. Nd2 Ne8 21.
Ndc4 Bxc3 22. Qxc3 Ng7 23. Nc6 Rd7 24. N4a5 Re8 25. e5 dxe5 26. Qxc5 f6 27. b4
Na4 28. Qc2 Qb5 29. f4 Nb6 30. fxe5 Nxd5 31. exf6 Nxf6 32. Rxd7 Nxd7 33. Nxe7+
Kh8 34. Nac6 Rf8 35. Qd2 Qb6+ 36. Kh1 Nf6 37. Qh6 Qf2 38. Nxg6+ Kg8 39. Nce7+
Kf7 40. Ne5+ 1-0

[Event "Schachfestival Basel 2014"]
[Site "Basel"]
[Date "2014.01.01"]
[Round "1.5"]
[White "Buttenmueller, Thomas"]
[Black "Bartel, Mateusz"]
[Result "0-1"]
[WhiteElo "2143"]
[BlackElo "2650"]
[PlyCount "96"]
[EventDate "2014.??.??"]
[EventRounds "7"]
[EventCountry "SUI"]
[SourceDate "2014.01.01"]

1. d4 Nf6 2. Nf3 b6 3. g3 Bb7 4. Bg2 c5 5. O-O cxd4 6. Qxd4 Nc6 7. Qa4 Qc8 8.
Bg5 e6 9. Bxf6 gxf6 10. Rd1 Be7 11. Nbd2 Qc7 12. Rac1 O-O 13. Qh4 Kg7 14. c4
Rg8 15. Qh5 Raf8 16. a3 Kh8 17. e4 Ne5 18. b4 a5 19. bxa5 bxa5 20. Nxe5 fxe5
21. c5 f6 22. Nc4 Bc6 23. Nd6 Rg6 24. Qe2 Rb8 25. Qd2 Ba4 26. Rf1 Rgg8 27. f4
Bxd6 28. cxd6 Qb6+ 29. Kh1 Qd4 30. Qxa5 exf4 31. Rxf4 Bc6 32. Qc3 Qxc3 33. Rxc3
Rb1+ 34. Rf1 Rxf1+ 35. Bxf1 f5 36. Kg1 fxe4 37. Bh3 Re8 38. Kf2 Kg7 39. Ke3 Kf6
40. Kf4 Ra8 41. Bg2 Ra4 42. Re3 h5 43. g4 hxg4 44. Kxg4 Ke5 45. h4 Ra8 46. h5
Rg8+ 47. Kh3 Rg5 48. a4 Kf4 0-1

[Event "Schachfestival Basel 2014"]
[Site "Basel"]
[Date "2014.01.01"]
[Round "1.6"]
[White "Popov, Ivan"]
[Black "Eidinger, Helmut"]
[Result "1-0"]
[WhiteElo "2644"]
[BlackElo "2143"]
[PlyCount "41"]
[EventDate "2014.??.??"]
[EventRounds "7"]
[EventCountry "SUI"]
[SourceDate "2014.01.01"]

1. e4 c5 2. Nf3 Nc6 3. Nc3 d6 4. d4 cxd4 5. Nxd4 Nf6 6. f3 e5 7. Nb3 Be7 8. Be3
O-O 9. Qd2 a5 10. Bb5 Na7 11. Bc4 Nc6 12. a4 Be6 13. Nd5 Nb4 14. Bb6 Qd7 15.
Bb5 Nc6 16. Nxa5 Rfc8 17. O-O Bxd5 18. exd5 Bd8 19. Bxd8 Qxd8 20. Nxc6 bxc6 21.
Bxc6 1-0

[Event "Schachfestival Basel 2014"]
[Site "Basel"]
[Date "2014.01.01"]
[Round "1.7"]
[White "Orizondo, Hugo"]
[Black "Kovalenko, Igor"]
[Result "0-1"]
[WhiteElo "2140"]
[BlackElo "2643"]
[PlyCount "66"]
[EventDate "2014.??.??"]
[EventRounds "7"]
[EventCountry "SUI"]
[SourceDate "2014.01.01"]

1. d4 Nf6 2. c4 e6 3. Nf3 b6 4. g3 Ba6 5. Qa4 Be7 6. Bg2 O-O 7. O-O c6 8. Nc3
d5 9. Ne5 b5 10. cxb5 cxb5 11. Nxb5 Qb6 12. Nc3 Rc8 13. Rd1 Nc6 14. e4 Nxe5 15.
dxe5 Ng4 16. Be3 Nxe3 17. fxe3 Rc4 18. Qd7 Bg5 19. Qd6 Bxe3+ 20. Kh1 d4 21.
Qxb6 axb6 22. Ne2 Rd8 23. Nf4 Rc2 24. Nd3 Bxd3 25. Rxd3 Rdc8 26. Bf3 Rxb2 27.
Rb3 Rf2 28. Bd1 h5 29. Rab1 g5 30. g4 hxg4 31. h3 gxh3 32. Rxb6 g4 33. Rb8 Rf1+
0-1

[Event "Schachfestival Basel 2014"]
[Site "Basel"]
[Date "2014.01.01"]
[Round "1.8"]
[White "Van Kampen, Robin Oscar"]
[Black "Wirz, Heinz"]
[Result "1-0"]
[WhiteElo "2601"]
[BlackElo "2140"]
[PlyCount "59"]
[EventDate "2014.??.??"]
[EventRounds "7"]
[EventCountry "SUI"]
[SourceDate "2014.01.01"]

1. e4 e6 2. d4 d5 3. Nc3 Bb4 4. e5 c5 5. a3 Bxc3+ 6. bxc3 Ne7 7. Nf3 Nbc6 8. a4
Qa5 9. Bd2 c4 10. h4 Bd7 11. h5 h6 12. Qc1 O-O-O 13. Qa3 Kb8 14. Rh4 Ka8 15.
Rf4 Rdf8 16. Be2 f6 17. g3 f5 18. Nh4 Rhg8 19. Be3 Qd8 20. Kd2 Be8 21. g4 fxg4
22. Rxf8 Rxf8 23. Bxg4 Bf7 24. Ng2 Bg8 25. Nh4 Bf7 26. Rg1 Qe8 27. Bh3 Rg8 28.
Qd6 Nc8 29. Qc7 Qd8 30. Qxf7 1-0

[Event "Schachfestival Basel 2014"]
[Site "Basel"]
[Date "2014.01.01"]
[Round "1.9"]
[White "Beyer, Felix"]
[Black "Mareco, Sandro"]
[Result "0-1"]
[WhiteElo "2136"]
[BlackElo "2581"]
[PlyCount "82"]
[EventDate "2014.??.??"]
[EventRounds "7"]
[EventCountry "SUI"]
[SourceDate "2014.01.01"]

1. b3 e5 2. Bb2 Nc6 3. e3 Nf6 4. Bb5 Bd6 5. Nh3 a6 6. Be2 O-O 7. O-O Re8 8. f4
Bf8 9. fxe5 Nxe5 10. Nf4 d5 11. Qe1 g6 12. Qh4 Bg7 13. Nd3 Ned7 14. Nc3 Nf8 15.
Na4 Bf5 16. Rxf5 gxf5 17. Qg5 Ng6 18. Rf1 Ne4 19. Qxf5 Bxb2 20. Naxb2 Nxd2 21.
Qxf7+ Kh8 22. Rf5 Qe7 23. Qxe7 Nxe7 24. Rh5 Ne4 25. Nf4 c6 26. Bd3 Ng8 27. Nd1
Rad8 28. Nf2 Ngf6 29. Rh4 Nc5 30. Rh3 d4 31. Ng4 Nxg4 32. Bxh7 Rxe3 33. g3 Kg7
34. Rh4 Nf6 35. Bf5 Rh8 36. Rxh8 Kxh8 37. g4 Nce4 38. Ne6 Nd6 39. Nxd4 c5 40.
Ne6 Nxf5 41. gxf5 Re5 0-1

[Event "Schachfestival Basel 2014"]
[Site "Basel"]
[Date "2014.01.01"]
[Round "1.10"]
[White "Pelletier, Yannick"]
[Black "Braeunlin, Klaus"]
[Result "1/2-1/2"]
[WhiteElo "2576"]
[BlackElo "2132"]
[PlyCount "87"]
[EventDate "2014.??.??"]
[EventRounds "7"]
[EventCountry "SUI"]
[SourceDate "2014.01.01"]

1. c4 c6 2. Nc3 d5 3. d4 Nf6 4. Nf3 e6 5. Bg5 Be7 6. e3 Nbd7 7. Rc1 Ne4 8. Bxe7
Qxe7 9. Bd3 f5 10. O-O O-O 11. Ne2 Kh8 12. Ne5 Nxe5 13. dxe5 Nc5 14. Nd4 a6 15.
f4 Bd7 16. Bb1 a5 17. a3 a4 18. Qd2 Na6 19. cxd5 cxd5 20. Bd3 Qd8 21. Rc3 Qa5
22. Bxa6 Rxa6 23. Qc2 Re8 24. Rc1 Raa8 25. h3 h6 26. g4 g6 27. Kf2 Qd8 28. Kg3
Rg8 29. Qf2 g5 30. gxf5 gxf4+ 31. Kh2 exf5 32. exf4 Ra6 33. Rg1 Rag6 34. Rxg6
Rxg6 35. Rg3 Qb6 36. Rxg6 Qxg6 37. Qe3 Qb6 38. Kg3 Be8 39. e6 Qxb2 40. Nxf5 Qb3
41. Kg4 Qd1+ 42. Kg3 Qb3 43. Kg4 Qd1+ 44. Kg3 1/2-1/2

[Event "Schachfestival Basel 2014"]
[Site "Basel"]
[Date "2014.01.01"]
[Round "1.11"]
[White "Michaelis, Nico"]
[Black "Fier, Alexandr"]
[Result "0-1"]
[WhiteElo "2128"]
[BlackElo "2572"]
[PlyCount "22"]
[EventDate "2014.??.??"]
[EventRounds "7"]
[EventCountry "SUI"]
[SourceDate "2014.01.01"]

1. c4 e5 2. g3 Nf6 3. Bg2 c6 4. Nc3 d5 5. cxd5 cxd5 6. d3 h6 7. Qb3 Be6 8. Qxb7
Nbd7 9. Qb3 d4 10. Nd5 Nxd5 11. Bxd5 Qa5+ 0-1

[Event "Schachfestival Basel 2014"]
[Site "Basel"]
[Date "2014.01.01"]
[Round "1.12"]
[White "Sengupta, Deep"]
[Black "Stahl, Clement"]
[Result "1-0"]
[WhiteElo "2570"]
[BlackElo "2127"]
[PlyCount "95"]
[EventDate "2014.??.??"]
[EventRounds "7"]
[EventCountry "SUI"]
[SourceDate "2014.01.01"]

1. e4 c5 2. Nf3 d6 3. d4 cxd4 4. Nxd4 Nf6 5. Nc3 g6 6. Be3 Bg7 7. f3 O-O 8. Qd2
Nc6 9. Bc4 Bd7 10. Bb3 Rc8 11. O-O-O Ne5 12. h4 h5 13. Kb1 Nc4 14. Bxc4 Rxc4
15. b3 Rc8 16. Nde2 Re8 17. Bd4 a5 18. Nd5 Nxd5 19. exd5 Qc7 20. g4 Bxd4 21.
Nxd4 Qc3 22. Qh6 e5 23. dxe6 Rxe6 24. gxh5 a4 25. Qc1 axb3 26. axb3 Re5 27.
hxg6 fxg6 28. Rhg1 Kh7 29. Rg5 Rcc5 30. Rxe5 Rxe5 31. Qb2 Qxb2+ 32. Kxb2 Rh5
33. Re1 Re5 34. Ra1 Kh6 35. Ra7 Bc6 36. c4 Rh5 37. Ra8 Kg7 38. Rc8 d5 39. Rc7+
Kh6 40. c5 Rxh4 41. Nxc6 bxc6 42. Rxc6 Rf4 43. Rc8 Rxf3 44. c6 Rf7 45. c7 Kg7
46. b4 g5 47. b5 g4 48. Rg8+ 1-0

[Event "Schachfestival Basel 2014"]
[Site "Basel"]
[Date "2014.01.01"]
[Round "1.13"]
[White "Lumsdon, Andrew"]
[Black "Sethuraman, SP."]
[Result "0-1"]
[WhiteElo "2126"]
[BlackElo "2553"]
[PlyCount "86"]
[EventDate "2014.??.??"]
[EventRounds "7"]
[EventCountry "SUI"]
[SourceDate "2014.01.01"]

1. e4 c5 2. Na3 Nc6 3. Bb5 Qc7 4. Nf3 Nf6 5. O-O Nxe4 6. Re1 Nf6 7. d4 d5 8.
Bg5 Bg4 9. h3 Bh5 10. dxc5 O-O-O 11. Qd3 Ne4 12. Bxc6 Qxc6 13. Bf4 Bxf3 14.
Qxf3 e5 15. c4 exf4 16. cxd5 Qxd5 17. Rxe4 g5 18. Rc1 f5 19. Ra4 Qxf3 20. gxf3
Kb8 21. Nb5 Rc8 22. b4 a6 23. Nd4 Rd8 24. Ne6 Re8 25. Nd4 Rd8 26. Ne6 Rd5 27.
b5 axb5 28. Rb4 Be7 29. Rxb5 Rc8 30. Rcb1 Rd7 31. a4 Rc6 32. Rb6 Rxb6 33. Rxb6
Rd1+ 34. Kg2 Ka7 35. a5 Rc1 36. Nd4 Bxc5 37. Nb5+ Kb8 38. Re6 Kc8 39. Re5 Kd7
40. Nd4 Kd6 41. Nb3 Rc3 42. Rxf5 Rxb3 43. Rxg5 Rb2 0-1

[Event "Schachfestival Basel 2014"]
[Site "Basel"]
[Date "2014.01.01"]
[Round "1.14"]
[White "Andersson, Ulf"]
[Black "Tueckmantel, Rene"]
[Result "1-0"]
[WhiteElo "2546"]
[BlackElo "2122"]
[PlyCount "111"]
[EventDate "2014.??.??"]
[EventRounds "7"]
[EventCountry "SUI"]
[SourceDate "2014.01.01"]

1. Nf3 Nf6 2. c4 e6 3. g3 b6 4. Bg2 Bb7 5. O-O c5 6. Nc3 Be7 7. d4 cxd4 8. Qxd4
d6 9. Rd1 a6 10. b3 Nbd7 11. Bb2 O-O 12. Qe3 Re8 13. Nd4 Bxg2 14. Kxg2 Qc8 15.
Rd2 Qb7+ 16. Qf3 Qc7 17. Kg1 Rac8 18. Rad1 Bf8 19. Ne4 Nxe4 20. Qxe4 Red8 21.
Qe3 Nc5 22. Nf3 Qb7 23. Rc2 d5 24. cxd5 Rxd5 25. Rxd5 Qxd5 26. Bd4 a5 27. Qe5
Qb7 28. Rc4 Nd7 29. Qb5 Rxc4 30. Qxc4 b5 31. Qc2 h6 32. h3 Bd6 33. Qc3 Bb4 34.
Qc2 Bd6 35. Nd2 e5 36. Ne4 Bf8 37. Be3 Qd5 38. g4 h5 39. f3 hxg4 40. hxg4 f6
41. Kf2 Kf7 42. Qc7 a4 43. Nc3 Qe6 44. Nxb5 axb3 45. axb3 Kg8 46. Qc2 Bb4 47.
Nc7 Qd6 48. Qc4+ Kh7 49. Na6 Ba5 50. Nc5 Qd1 51. b4 Bd8 52. Nxd7 Qxd7 53. b5 g6
54. Qd3 Qxd3 55. exd3 Kg7 56. b6 1-0

[Event "Schachfestival Basel 2014"]
[Site "Basel"]
[Date "2014.01.01"]
[Round "1.15"]
[White "Ramseyer, Thomas"]
[Black "Mozharov, Mikhail"]
[Result "0-1"]
[WhiteElo "2121"]
[BlackElo "2535"]
[PlyCount "151"]
[EventDate "2014.??.??"]
[EventRounds "7"]
[EventCountry "SUI"]
[SourceDate "2014.01.01"]

1. e4 c5 2. Nc3 Nc6 3. g3 g6 4. Bg2 Bg7 5. d3 d6 6. f4 e6 7. Nf3 Nge7 8. O-O
O-O 9. Bd2 b5 10. Nxb5 Rb8 11. c4 a6 12. Nc3 Rxb2 13. Rb1 Rxb1 14. Qxb1 Bd7 15.
a3 Qc7 16. Qa2 Nd4 17. Nxd4 Bxd4+ 18. Kh1 Bg7 19. Rb1 Nc6 20. Ne2 Rb8 21. Rb3
Rxb3 22. Qxb3 h5 23. Bf3 Na5 24. Qb1 Ba4 25. Bc3 Bxc3 26. Nxc3 Be8 27. f5 Nc6
28. Qc1 Qd8 29. fxg6 fxg6 30. Bd1 Qf6 31. Kg2 Qd4 32. Be2 Ne5 33. Qc2 Qe3 34.
Nd1 Qh6 35. Nf2 Nc6 36. Bd1 Qg7 37. Qc1 Ne5 38. Qg5 Bc6 39. Qd8+ Qf8 40. Qxf8+
Kxf8 41. Kf1 Ke7 42. Ke1 Kf6 43. Kd2 Nd7 44. Kc3 Nf8 45. h4 Be8 46. Nh3 Nh7 47.
Nf4 Bc6 48. Bf3 Kf7 49. Nh3 Ke7 50. Nf4 Nf8 51. Bd1 Kf6 52. Be2 Ba4 53. g4 Ke5
54. Ng2 hxg4 55. Bxg4 Nh7 56. Be2 Nf6 57. Kd2 Bc6 58. Ke3 d5 59. Nf4 d4+ 60.
Kf3 Be8 61. Kg3 Kd6 62. Bd1 Bf7 63. Kf2 e5 64. Ng2 Be6 65. Ba4 Bg4 66. Bb3 Nh5
67. Ne1 Nf4 68. Kg3 Be2 69. Bc2 Ke6 70. Kf2 Kf6 71. Ng2 Bxd3 72. Nxf4 Bxc2 73.
Nd5+ Ke6 74. Nc7+ Kd6 75. Nxa6 Bxe4 76. a4 0-1

[Event "Schachfestival Basel 2014"]
[Site "Basel"]
[Date "2014.01.01"]
[Round "1.16"]
[White "El Debs, Felipe de Cresce"]
[Black "Arounopoulos, Stephan"]
[Result "1-0"]
[WhiteElo "2520"]
[BlackElo "2112"]
[PlyCount "87"]
[EventDate "2014.??.??"]
[EventRounds "7"]
[EventCountry "SUI"]
[SourceDate "2014.01.01"]

1. Nf3 Nf6 2. c4 g6 3. Nc3 Bg7 4. e4 d6 5. d4 O-O 6. Be2 e5 7. Be3 Ng4 8. Bg5
f6 9. Bh4 Nc6 10. d5 Ne7 11. h3 Nh6 12. g4 Nf7 13. Nd2 c6 14. f3 f5 15. Qb3
fxg4 16. hxg4 g5 17. Bf2 c5 18. Nf1 Ng6 19. Ng3 Nf4 20. Rh2 Nh8 21. Kd2 Rf6 22.
Rah1 h6 23. Nf5 Nf7 24. a3 Bf8 25. Qc2 Bd7 26. b4 Nxe2 27. Kxe2 cxb4 28. axb4
Qc7 29. Qb3 Rc8 30. Kd3 b5 31. Nxb5 Bxb5 32. cxb5 Qb7 33. b6 axb6 34. Ra1 Ra8
35. Rxa8 Qxa8 36. Rh1 Nh8 37. Kd2 Kh7 38. Bxb6 Rf7 39. Be3 Ng6 40. Rc1 Nf4 41.
b5 Qa5+ 42. Kd1 Rb7 43. b6 Kg6 44. Rc8 1-0

[Event "Schachfestival Basel 2014"]
[Site "Basel"]
[Date "2014.01.01"]
[Round "1.17"]
[White "O'Donnell, Conor"]
[Black "Heimann, Andreas"]
[Result "0-1"]
[WhiteElo "2112"]
[BlackElo "2511"]
[PlyCount "88"]
[EventDate "2014.??.??"]
[EventRounds "7"]
[EventCountry "SUI"]
[SourceDate "2014.01.01"]

1. e4 e5 2. Nf3 Nc6 3. Bc4 Nf6 4. d3 Bc5 5. c3 O-O 6. Bb3 d5 7. Qe2 a5 8. Bg5
dxe4 9. dxe4 h6 10. Bh4 a4 11. Bc2 Qd6 12. Nbd2 Nh5 13. Bg3 Qe6 14. Qb5 Ra5 15.
Qc4 Nxg3 16. hxg3 Ba7 17. O-O Qg6 18. b4 axb3 19. axb3 Rc5 20. Qd3 Rd8 21. Qe3
Ra5 22. Qe2 Qxg3 23. Rfd1 Bg4 24. Nc4 Bxf3 25. Qxf3 Qxf3 26. gxf3 Rxd1+ 27.
Rxd1 Ra2 28. Rd2 b5 29. Ne3 b4 30. Nd5 Bc5 31. cxb4 Bxb4 32. Nxb4 Nxb4 33. Rd8+
Kh7 34. Bd1 Nc6 35. Rd3 g5 36. f4 exf4 37. Kg2 Kg6 38. Bg4 Ne5 39. Bf5+ Kf6 40.
Rd8 g4 41. Rh8 g3 42. Rxh6+ Kg5 43. Rh7 Rxf2+ 44. Kg1 Nf3+ 0-1

[Event "Schachfestival Basel 2014"]
[Site "Basel"]
[Date "2014.01.01"]
[Round "1.18"]
[White "Popilski, Gil"]
[Black "Heinis, Vincent"]
[Result "1-0"]
[WhiteElo "2490"]
[BlackElo "2111"]
[PlyCount "57"]
[EventDate "2014.??.??"]
[EventRounds "7"]
[EventCountry "SUI"]
[SourceDate "2014.01.01"]

1. e4 d5 2. exd5 Qxd5 3. Nc3 Qa5 4. d4 Nf6 5. Nf3 Bf5 6. Ne5 c6 7. Bc4 e6 8.
Bd2 Bb4 9. g4 Bg6 10. h4 Nbd7 11. Nxd7 Kxd7 12. h5 Be4 13. Rh3 h6 14. a3 Bxc3
15. Bxc3 Qc7 16. Qe2 Rhe8 17. O-O-O b5 18. Ba2 a5 19. Kb1 b4 20. axb4 axb4 21.
Bxb4 Reb8 22. Ba3 Qa5 23. Ka1 Qa4 24. Rc1 Rxb2 25. Kxb2 Qxd4+ 26. Kb1 Nd5 27.
Rd1 Rb8+ 28. Bb3 Qa4 29. Bb2 1-0

[Event "Schachfestival Basel 2014"]
[Site "Basel"]
[Date "2014.01.01"]
[Round "1.19"]
[White "Berset, Philippe"]
[Black "Kopylov, Michael"]
[Result "0-1"]
[WhiteElo "2109"]
[BlackElo "2455"]
[PlyCount "56"]
[EventDate "2014.??.??"]
[EventRounds "7"]
[EventCountry "SUI"]
[SourceDate "2014.01.01"]

1. e4 Nf6 2. e5 Nd5 3. d4 d6 4. Nf3 Bg4 5. Be2 e6 6. O-O Be7 7. c4 Nb6 8. exd6
cxd6 9. h3 Bh5 10. b3 O-O 11. Bb2 Nc6 12. Nbd2 d5 13. Ne5 Bxe2 14. Qxe2 Nxe5
15. dxe5 Bb4 16. Bd4 dxc4 17. Nf3 cxb3 18. axb3 a6 19. Qe4 Nd5 20. Qg4 Be7 21.
Rfd1 Rc8 22. Nd2 Qc7 23. Nc4 g6 24. Nd2 Rfd8 25. Ne4 Qc2 26. Rd2 Qxb3 27. Rb2
Qd3 28. Rxb7 Qxd4 0-1

[Event "Schachfestival Basel 2014"]
[Site "Basel"]
[Date "2014.01.01"]
[Round "1.20"]
[White "Dann, Matthias"]
[Black "Heer, Stephan"]
[Result "1-0"]
[WhiteElo "2443"]
[BlackElo "2106"]
[PlyCount "49"]
[EventDate "2014.??.??"]
[EventRounds "7"]
[EventCountry "SUI"]
[SourceDate "2014.01.01"]

1. e4 g6 2. d4 d6 3. Nc3 Bg7 4. Be3 a6 5. f4 b5 6. Bd3 Nd7 7. Nf3 Bb7 8. e5 Nh6
9. Be4 Rb8 10. Bxb7 Rxb7 11. Qe2 Nf5 12. Bf2 b4 13. Ne4 a5 14. g4 Nh6 15. h3
O-O 16. O-O-O Nb6 17. Rhg1 Nd5 18. f5 Qd7 19. f6 exf6 20. exf6 Re8 21. fxg7 Qa4
22. Qc4 Rxe4 23. Qxd5 Re2 24. Rd2 Rxd2 25. Nxd2 1-0

[Event "Schachfestival Basel 2014"]
[Site "Basel"]
[Date "2014.01.01"]
[Round "1.21"]
[White "Stoeri, Laura"]
[Black "Brunner, Nicolas"]
[Result "0-1"]
[WhiteElo "2103"]
[BlackElo "2441"]
[PlyCount "70"]
[EventDate "2014.??.??"]
[EventRounds "7"]
[EventCountry "SUI"]
[SourceDate "2014.01.01"]

1. e4 c5 2. Nf3 d6 3. Bb5+ Nd7 4. O-O Ngf6 5. Re1 a6 6. Bxd7+ Bxd7 7. c3 Bc6 8.
d4 Bxe4 9. Bg5 Bg6 10. d5 Qd7 11. Na3 b5 12. Bxf6 gxf6 13. Nh4 Bh6 14. Qe2 Kf8
15. Nc2 Rg8 16. Nxg6+ hxg6 17. Rad1 Rh8 18. Qe4 f5 19. Qf3 Bg5 20. b4 Kg7 21.
Na1 a5 22. bxc5 dxc5 23. c4 Qd6 24. h3 b4 25. Nb3 a4 26. Nc1 Bf6 27. Nd3 Rh4
28. Rc1 b3 29. Qe2 a3 30. axb3 a2 31. Ra1 Re4 32. Qd1 Rxe1+ 33. Qxe1 Bxa1 34.
Qxa1+ Qf6 35. Ne5 f4 0-1

[Event "Schachfestival Basel 2014"]
[Site "Basel"]
[Date "2014.01.01"]
[Round "1.22"]
[White "Hort, Vlastimil"]
[Black "Pfister, Peter"]
[Result "1-0"]
[WhiteElo "2439"]
[BlackElo "2102"]
[PlyCount "103"]
[EventDate "2014.??.??"]
[EventRounds "7"]
[EventCountry "SUI"]
[SourceDate "2014.01.01"]

1. e4 e6 2. d4 d5 3. Nd2 c5 4. exd5 exd5 5. Ngf3 Nc6 6. Be2 Bd6 7. O-O Nge7 8.
dxc5 Bxc5 9. Nb3 Bd6 10. Re1 O-O 11. c3 f6 12. Be3 Re8 13. Nbd4 Ne5 14. h3 a6
15. Qb3 Qc7 16. Rad1 Nc4 17. Bd3 Kh8 18. Qc2 g6 19. Bxc4 dxc4 20. Qe4 Bf5 21.
Nxf5 Nxf5 22. Qg4 Nxe3 23. Rxe3 Rxe3 24. fxe3 Re8 25. Qd4 Bf8 26. Qxf6+ Bg7 27.
Qh4 b5 28. Kh1 b4 29. Ng5 h6 30. cxb4 Qe7 31. Rd5 Qxe3 32. Nf3 Qc1+ 33. Kh2
Qxb2 34. Qxc4 Qe2 35. Qxe2 Rxe2 36. a3 Re6 37. Kg3 g5 38. Kf2 Bb2 39. Rd3 Kh7
40. Rb3 Bf6 41. Rd3 h5 42. Nd2 g4 43. hxg4 hxg4 44. Kg3 Re2 45. Nc4 Re4 46. Nd6
Be5+ 47. Kh4 Bxd6 48. Rxd6 g3+ 49. Kh3 a5 50. bxa5 Re3 51. a4 Ra3 52. Rd4 1-0

[Event "Schachfestival Basel 2014"]
[Site "Basel"]
[Date "2014.01.01"]
[Round "1.23"]
[White "Strauss, Juergen"]
[Black "Degtiarev, Evgeny"]
[Result "0-1"]
[WhiteElo "2101"]
[BlackElo "2436"]
[PlyCount "62"]
[EventDate "2014.??.??"]
[EventRounds "7"]
[EventCountry "SUI"]
[SourceDate "2014.01.01"]

1. e4 c5 2. g3 Nc6 3. Bg2 g6 4. d3 Bg7 5. Nc3 e5 6. Nd5 d6 7. Ne2 Bg4 8. c3 Qd7
9. a3 Nge7 10. Bh6 O-O 11. h3 Bxe2 12. Qxe2 Nxd5 13. Bxg7 Nxc3 14. bxc3 Kxg7
15. O-O b5 16. f4 a5 17. fxe5 dxe5 18. Qf2 Qd6 19. Kh2 f6 20. Rfc1 Rfb8 21. Ra2
Rb7 22. h4 a4 23. h5 gxh5 24. Bf1 b4 25. cxb4 cxb4 26. Rac2 Nd4 27. Rc4 bxa3
28. Qe3 a2 29. g4 hxg4 30. Kg3 h5 31. Bg2 Rb1 0-1

[Event "Schachfestival Basel 2014"]
[Site "Basel"]
[Date "2014.01.01"]
[Round "1.24"]
[White "Kashlinskaya, Alina"]
[Black "Mueller, Daniel"]
[Result "1-0"]
[WhiteElo "2422"]
[BlackElo "2100"]
[PlyCount "67"]
[EventDate "2014.??.??"]
[EventRounds "7"]
[EventCountry "SUI"]
[SourceDate "2014.01.01"]

1. d4 d5 2. c4 e6 3. Nc3 c6 4. e4 dxe4 5. Nxe4 Bb4+ 6. Bd2 Qxd4 7. Bxb4 Qxe4+
8. Be2 Na6 9. Ba5 b6 10. Qd6 Bd7 11. O-O-O Nf6 12. Bc3 Rd8 13. Qa3 Nc5 14. b4
Nb7 15. Qxa7 Nd6 16. Rxd6 Qf4+ 17. Rd2 Ne4 18. Nh3 Qh6 19. Qa3 O-O 20. Bd3 Nxd2
21. Bxd2 Qf6 22. Ng5 Ra8 23. Bxh7+ Kh8 24. Qh3 e5 25. Bf5+ Qh6 26. Bxd7 Qxh3
27. Bxh3 Rxa2 28. Bf5 f6 29. Bb1 Ra4 30. Ne4 c5 31. Re1 cxb4 32. Bc2 Ra7 33.
Bxb4 Rc8 34. Nd6 1-0

[Event "Schachfestival Basel 2014"]
[Site "Basel"]
[Date "2014.01.01"]
[Round "1.25"]
[White "Naarden, Amindo"]
[Black "Lekic, Dusan"]
[Result "0-1"]
[WhiteElo "2100"]
[BlackElo "2417"]
[PlyCount "74"]
[EventDate "2014.??.??"]
[EventRounds "7"]
[EventCountry "SUI"]
[SourceDate "2014.01.01"]

1. c4 c5 2. e4 d6 3. Nc3 Nc6 4. g3 g6 5. Bg2 Bg7 6. d3 e6 7. Nge2 Nge7 8. O-O
O-O 9. Be3 Nd4 10. Qd2 Rb8 11. Rad1 a6 12. Bh6 b5 13. Bxg7 Kxg7 14. Nxd4 cxd4
15. Ne2 e5 16. b3 Be6 17. Rc1 bxc4 18. bxc4 Nc6 19. f4 f6 20. f5 Bg8 21. fxg6
hxg6 22. g4 Qa5 23. Qxa5 Nxa5 24. Rc2 Nb7 25. Ng3 Nc5 26. Rd1 Rb7 27. Bf1 Be6
28. h3 Rfb8 29. Rdd2 Rb1 30. Kg2 Bd7 31. Rf2 a5 32. Kf3 a4 33. h4 a3 34. h5
R8b2 35. hxg6 Kxg6 36. Nf5 Rxc2 37. Rxc2 Rxf1+ 0-1

[Event "Schachfestival Basel 2014"]
[Site "Basel"]
[Date "2014.01.01"]
[Round "1.26"]
[White "Loetscher, Roland"]
[Black "Boesch, Udo"]
[Result "1-0"]
[WhiteElo "2412"]
[BlackElo "2081"]
[PlyCount "177"]
[EventDate "2014.??.??"]
[EventRounds "7"]
[EventCountry "SUI"]
[SourceDate "2014.01.01"]

1. d4 Nf6 2. c4 e6 3. g3 d5 4. Bg2 Bb4+ 5. Nd2 O-O 6. Ngf3 dxc4 7. Qc2 Nbd7 8.
Qxc4 c5 9. a3 Nb6 10. Qc2 Bxd2+ 11. Qxd2 cxd4 12. Qxd4 Qxd4 13. Nxd4 Rd8 14.
Nf3 Bd7 15. Ne5 Ba4 16. Bg5 h6 17. Bxf6 gxf6 18. Ng4 Kg7 19. Bxb7 Rab8 20. Ba6
Nd7 21. b4 Rb6 22. Bd3 f5 23. Ne3 Ne5 24. Bc2 Bxc2 25. Nxc2 Rc6 26. Ne3 Rc3 27.
O-O Rd2 28. Rfe1 Rb3 29. Kf1 Ng4 30. Nxg4 fxg4 31. Reb1 Rc3 32. Rc1 Rb3 33.
Rcb1 Rc3 34. Rc1 Rb3 35. Rc7 Rbb2 36. Re1 a5 37. bxa5 Rd5 38. Rc4 Rxa5 39.
Rxg4+ Kf6 40. Ra1 e5 41. a4 Rc5 42. Re4 Rcc2 43. g4 Ke6 44. f3 f5 45. gxf5+
Kxf5 46. Kf2 h5 47. h4 Rc5 48. Rg1 Ra2 49. Rg5+ Kf6 50. Rxh5 Ra1 51. Rg5 Rcc1
52. Rgxe5 Rf1+ 53. Ke3 Ra3+ 54. Kf4 Rh1 55. Rf5+ Kg6 56. Rg5+ Kf6 57. Rg4 Rh3
58. Rd4 Ra2 59. Ke3 Rh2 60. Rdf4+ Ke6 61. Re4+ Kf6 62. Rgf4+ Kg6 63. Kd3 Rh1
64. Re6+ Kg7 65. Rc4 Kf7 66. Ree4 Rd1+ 67. Kc3 Rda1 68. Kd4 Rb2 69. Kc5 Ra3 70.
Kc6 Ra1 71. Rc5 Rb8 72. Kc7 Ra8 73. Kb7 Rd8 74. a5 Rb1+ 75. Kc7 Rbb8 76. Rf5+
Kg6 77. Rg5+ Kf6 78. a6 Rdc8+ 79. Kd6 Rd8+ 80. Kc5 Rdc8+ 81. Kd4 Rb4+ 82. Ke3
Rb3+ 83. Kf4 Ra3 84. h5 Kf7 85. Rf5+ Kg7 86. Re7+ Kh8 87. a7 Ra4+ 88. e4 Ra3
89. Rb7 1-0

[Event "Schachfestival Basel 2014"]
[Site "Basel"]
[Date "2014.01.01"]
[Round "1.27"]
[White "Staechelin, Ruedi"]
[Black "Stets, Dmitry"]
[Result "0-1"]
[WhiteElo "2081"]
[BlackElo "2410"]
[PlyCount "82"]
[EventDate "2014.??.??"]
[EventRounds "7"]
[EventCountry "SUI"]
[SourceDate "2014.01.01"]

1. e4 c5 2. Nf3 Nc6 3. Bb5 d6 4. O-O Bd7 5. Re1 e5 6. c3 Nf6 7. d4 Be7 8. d5
Nb8 9. Qa4 O-O 10. Bxd7 Nbxd7 11. Nbd2 a6 12. Nf1 b5 13. Qd1 c4 14. Bg5 Nc5 15.
Bxf6 Bxf6 16. Qe2 g6 17. Ng3 Bh4 18. Reb1 f5 19. Nxh4 Qxh4 20. f3 Rac8 21. b3
fxe4 22. fxe4 Rf4 23. Re1 Nd3 24. Rf1 Rcf8 25. bxc4 bxc4 26. Rab1 Qg5 27. Rf3
Rxf3 28. gxf3 h5 29. Kh1 Qf6 30. Nf1 Qxf3+ 31. Qxf3 Rxf3 32. Nd2 Nf2+ 33. Kg2
Rd3 34. Rb2 Nd1 35. Rb8+ Kg7 36. Nxc4 h4 37. Nxd6 h3+ 38. Kf1 Nxc3 39. Rb7+ Kf6
40. Rb3 Kg5 41. Nf7+ Kf4 0-1

[Event "Schachfestival Basel 2014"]
[Site "Basel"]
[Date "2014.01.01"]
[Round "1.28"]
[White "Kurayan, Ruslan"]
[Black "Terraz, Christian"]
[Result "1-0"]
[WhiteElo "2393"]
[BlackElo "2080"]
[PlyCount "59"]
[EventDate "2014.??.??"]
[EventRounds "7"]
[EventCountry "SUI"]
[SourceDate "2014.01.01"]

1. e4 e5 2. Nf3 d6 3. d4 Nf6 4. Nc3 Nbd7 5. Bc4 Be7 6. O-O h6 7. Qe2 c6 8. Rd1
Qc7 9. a4 Nf8 10. h3 g5 11. Nh2 Rg8 12. Qf3 h5 13. Ne2 g4 14. hxg4 hxg4 15. Qb3
Rg7 16. Ng3 Ng6 17. Nhf1 Rh7 18. a5 Nf4 19. Qc3 Bd7 20. Be3 O-O-O 21. dxe5 dxe5
22. Bxa7 Rdh8 23. Bb6 Nxe4 24. Qe3 Nxg3 25. fxg3 Bg5 26. Bxc7 Nh3+ 27. gxh3
Bxe3+ 28. Nxe3 Rxh3 29. Bxe5 Rh1+ 30. Kf2 1-0